[Event "HUN-ch U18"]
[Site "Balatonlelle"]
[Date "2018.06.26"]
[Round "7"]
[White "Rona, Andras"]
[Black "Bodnar, Mate"]
[Result "1-0"]
[WhiteElo "1687"]
[BlackElo "1941"]
[PlyCount "91"]
[EventDate "2018.06.21"]
[EventType "swiss"]
[EventRounds "9"]
[EventCountry "HUN"]
[SourceTitle "EXT 2019"]
[Source "ChessBase"]
[SourceDate "2018.10.10"]
[SourceVersion "1"]
[SourceVersionDate "2018.10.10"]
[SourceQuality "1"]

1. e4 Nf6 2. Nc3 e5 3. Nf3 Bb4 4. Nxe5 d6 5. Nd3 Bxc3 6. dxc3 Nxe4 7. Be2 0-0 8. 0-0 Nc6 9. f3 Ng5 10. Bf4 Bf5 11. Qd2 Ne6 12. Bg3 Qf6 13. Nf2 Qg6 14. Bd3 Ne5 15. Bxf5 Qxf5 16. Rad1 Nc4 17. Qc1 Ng5 18. b3 Ne5 19. f4 Nef3+ 20. gxf3 Nxf3+ 21. Kg2 Qh5 22. Qe3 Nh4+ 23. Bxh4 Qxh4 24. Qg3 Qf6 25. Ng4 Qd8 26. Rfe1 f5 27. Nf2 Rf6 28. Kh1 Rg6 29. Qf3 Qh4 30. Rg1 Rh6 31. Qg3 Qf6 32. Qg5 Qxc3 33. Qxh6 Qf3+ 34. Rg2 Qxg2+ 35. Kxg2 gxh6 36. Re1 Kf7 37. Nd3 a5 38. a4 Rg8+ 39. Kf3 h5 40. Re2 h6 41. Rg2 Re8 42. Nb2 Re1 43. Re2 Rf1+ 44. Rf2 Re1 45. Nc4 b6 46. Ne3 1-0

[Event "HUN-ch U18"]
[Site "Balatonlelle"]
[Date "2018.06.21"]
[Round "1"]
[White "Horvath, Balazs1111"]
[Black "Rona, Andras"]
[Result "1-0"]
[WhiteElo "2142"]
[BlackElo "1687"]
[PlyCount "91"]
[EventDate "2018.06.21"]
[EventType "swiss"]
[EventRounds "9"]
[EventCountry "HUN"]
[SourceTitle "EXT 2019"]
[Source "ChessBase"]
[SourceDate "2018.10.10"]
[SourceVersion "1"]
[SourceVersionDate "2018.10.10"]
[SourceQuality "1"]

1. e4 e5 2. Bc4 Nf6 3. d3 Nc6 4. Nc3 d6 5. Nge2 Na5 6. h3 Nxc4 7. dxc4 Be6 8. b3 Be7 9. Ng3 Qd7 10. 0-0 0-0 11. Nce2 Qc6 12. Qd3 Nd7 13. f4 exf4 14. Bxf4 Ne5 15. Qd2 Qd7 16. Nd4 Rad8 17. Rad1 Nc6 18. Ndf5 Bxf5 19. Nxf5 Bf6 20. Rf3 Qe6 21. Bg5 Bxg5 22. Qxg5 g6 23. Nh6+ Kg7 24. Ng4 Ne5 25. Rf6 Qe8 26. Nh6 Kh8 27. Rdf1 Rd7 28. h4 Re7 29. h5 gxh5 30. Qxh5 Ng6 31. Qf5 Kg7 32. Qh3 Kh8 33. Qg3 a6 34. Qg5 Re5 35. R1f5 Rxf5 36. Rxf5 Qe6 37. Rf6 Qe5 38. Rf5 Qe6 39. Ng4 Ne7 40. Rf6 Qxe4 41. Rf4 Qe1+ 42. Kh2 Qe6 43. Rf6 Qe1 44. Rh6 Ng8 45. Qf5 Nxh6 46. Qf6+ 1-0

[Event "Budapest Karacsonyi op 8th"]
[Site "Budapest"]
[Date "2016.12.28"]
[Round "2"]
[White "Torok, Tamas Titusz"]
[Black "Rona, Andras"]
[Result "1-0"]
[WhiteElo "2125"]
[BlackElo "1578"]
[PlyCount "67"]
[EventDate "2016.12.27"]
[EventType "swiss"]
[EventRounds "7"]
[EventCountry "HUN"]
[SourceTitle "CBM 176 Extra"]
[Source "ChessBase"]
[SourceDate "2017.03.02"]
[SourceVersion "1"]
[SourceVersionDate "2017.03.02"]
[SourceQuality "1"]

1. e4 e5 2. Nf3 Nc6 3. Bc4 Bc5 4. c3 Nf6 5. d3 h6 6. 0-0 0-0 7. d4 exd4 8. cxd4 Bb6 9. d5 Ne7 10. e5 Ng4 11. h3 Nxf2 12. Rxf2 Bxf2+ 13. Kxf2 Ng6 14. Qd4 c6 15. d6 Qb6 16. Be3 Qxd4 17. Bxd4 b6 18. b4 Bb7 19. Nbd2 Rfe8 20. Kg3 c5 21. bxc5 bxc5 22. Bc3 Bc6 23. Rf1 Nf8 24. Nh4 Ne6 25. Nf5 Bb7 26. Bb5 Bc8 27. Ne7+ Rxe7 28. dxe7 Nc7 29. Ba5 Ne8 30. Bc4 d5 31. exd6 Nxd6 32. Bxf7+ Kh7 33. Bd5 Rb8 34. Bc7 1-0